Makerspace sound and music projects for all ages / (Record no. 18845)
[ view plain ]
| 000 -LEADER | |
|---|---|
| fixed length control field | 00803nam a22002775i 4500 |
| 005 - DATE AND TIME OF LATEST TRANSACTION | |
| control field | 20230706091907.0 |
| 008 - FIXED-LENGTH DATA ELEMENTS--GENERAL INFORMATION | |
| fixed length control field | 171012s2017 nyu 000 0 eng |
| 010 ## - LIBRARY OF CONGRESS CONTROL NUMBER | |
| LC control number | 2017957634 |
| 020 ## - INTERNATIONAL STANDARD BOOK NUMBER | |
| ISBN | 1260027074 |
| 040 ## - CATALOGING SOURCE | |
| Original cataloging agency | DLC |
| Language of cataloging | eng |
| Description conventions | rda |
| Transcribing agency | DLC |
| 042 ## - AUTHENTICATION CODE | |
| Authentication code | pcc |
| 082 ## - DEWEY DECIMAL CLASSIFICATION NUMBER | |
| Classification number | 372.35 |
| Item number | GLE-M |
| 100 1# - MAIN ENTRY--AUTHOR | |
| Author Name | Glendening, Mary. |
| 245 10 - TITLE STATEMENT | |
| Title | Makerspace sound and music projects for all ages / |
| Statement of responsibility, etc. | Mary Glendening, Isaac Glendening. |
| 260 ## - PUBLICATION, DISTRIBUTION, ETC. | |
| Place of Publication | USA |
| Name of publisher, distributor, etc. | McGraw Hill |
| Date of publication, distribution, etc. | 2018 |
| 300 ## - PHYSICAL DESCRIPTION | |
| Pages | 180 |
| 336 ## - CONTENT TYPE | |
| Content type term | text |
| Content type code | txt |
| Source | rdacontent |
| 337 ## - MEDIA TYPE | |
| Media type term | unmediated |
| Media type code | n |
| Source | rdamedia |
| 338 ## - CARRIER TYPE | |
| Carrier type term | volume |
| Carrier type code | nc |
| Source | rdacarrier |
| 650 ## - SUBJECT ADDED ENTRY--TOPICAL TERM | |
| Subject / Department | Misc |
| 263 ## - PROJECTED PUBLICATION DATE | |
| Projected publication date | 1712 |
| 264 #1 - PRODUCTION, PUBLICATION, DISTRIBUTION, MANUFACTURE, AND COPYRIGHT NOTICE | |
| Place of production, publication, distribution, manufacture | New York, NY : |
| Name of producer, publisher, distributor, manufacturer | McGraw-Hill Education, |
| Date of production, publication, distribution, manufacture, or copyright notice | 2017. |
| 906 ## - LOCAL DATA ELEMENT F, LDF (RLIN) | |
| a | 0 |
| b | ibc |
| c | orignew |
| d | 2 |
| e | epcn |
| f | 20 |
| g | y-gencatlg |
| 952 ## - LOCATION AND ITEM INFORMATION (KOHA) | |
| -- | 0 |
| -- | 0 |
| Lost status | Damaged status | Collection code | Permanent Location | Current Location | Shelving Location | Date acquired | Full Call Number | Accession No./Barcode | Date last seen | item type | Koha item type |
|---|---|---|---|---|---|---|---|---|---|---|---|
| CS/IT | Superior Information Resource Center (SIRC) Superior University- Gold Campus | Superior Information Resource Center (SIRC) Superior University- Gold Campus | MISC | 07/06/2023 | 372.35 GLE-M 2018 | 19406 | 07/06/2023 | BOOK | BOOK |
